| 000 | 00807nam a2200205 a 4500 | ||
|---|---|---|---|
| 003 | 0 | ||
| 005 | 20250517101129.0 | ||
| 008 | 021128s19uu xx 00 eng d | ||
| 050 |
_aPGS RA 644.T7 _b.R692 2001 |
||
| 100 | _aRodil, Gilane. | ||
| 245 |
_aA study of the awareness of the residents of Molino, Bacoor, Cavite on the diagnosis, treatment and control of tuberculosis / _cGilane Rodil. |
||
| 260 |
_aLas PiƱas City, Philippines : _bSouthville International School and Colleges, _c2001. |
||
| 300 |
_a24 pages : _bcolored illustrations ; _c28 cm. |
||
| 504 | _aIncludes bibliographical references. | ||
| 650 |
_aTuberculosis _vDiagnosis. |
||
| 650 |
_aTuberculosis _vTreatment . |
||
| 650 |
_aTuberculosis _vPrevention. |
||
| 650 |
_aHealth education. _zPhilippines _zCavite. |
||
| 942 |
_2lcc _cPASS |
||
| 999 |
_c96513 _d96513 |
||